00377nam a2200145Ia 4500020001800000082001300018245003700031260002800068300001300096504003600109650001800145650001200163650002400175700003200199 a9780415773225 a382 TRA- 0aTrade, globalization and poverty aLondonbRoutledgec2008 axiv, 268 aincludes bibliography and index aGlobalisation aPoverty aInternational trade aElias Dinopoulos...[et al.]